Trouve le nom des modèles de Ferrari a partir de l'image - Statistiques

Statistiques générales
  • Ce quiz a été pris 156 fois
  • Le résultat moyen est 18 sur 30
Statistiques - réponses
Par images Réponse % Correct
Enzo
96%
LaFerrari
92%
F40
88%
Purosangue
86%
F50
84%
488 Pista
82%
F8 Tributo
81%
458 Italia
77%
Roma
75%
F80
69%
296 GTB
65%
California
65%
FXX
64%
250 GTO
60%
SF90 Stradale
57%
599 GTO
55%
F12tdf
55%
12 Cilindri
52%
812 Competizione
52%
FXX K
52%
Portofino
52%
Dino 206 GT
49%
F430 Scuderia
49%
Daytona SP3
45%
GTC4 Lusso
44%
288 GTO
43%
849 Testarossa
34%
F12 Berlinetta
34%
612 Scaglietti
26%
330 P4
23%
Aucun quiz correspondant
Distribution des résultats
% des personnes avec chaque résultat
Percentile par nombre de réponses
Votre historique - résultats
Vous n’avez pas pris ce quiz